000 00331nam a2200097Ia 4500
008 180130s9999 xx 000 0 und d
245 _cEllis, Scott R.
_aA cryptography primer
260 _c2013
300 _aBook title: Computer and information security handbook--Acession number C20545; pages 25-46
650 _aINFORMATION SECURITY
999 _c354125
_d354125